<?xml version="1.0" encoding="UTF-8"?><?xml-stylesheet type="text/xsl" href="static/style.xsl"?><OAI-PMH xmlns="http://www.openarchives.org/OAI/2.0/" xmlns:xsi="http://www.w3.org/2001/XMLSchema-instance" xsi:schemaLocation="http://www.openarchives.org/OAI/2.0/ http://www.openarchives.org/OAI/2.0/OAI-PMH.xsd"><responseDate>2026-04-17T03:10:20Z</responseDate><request verb="GetRecord" identifier="oai:www.recercat.cat:10459.1/463484" metadataPrefix="marc">https://recercat.cat/oai/request</request><GetRecord><record><header><identifier>oai:recercat.cat:10459.1/463484</identifier><datestamp>2025-09-15T18:16:09Z</datestamp><setSpec>com_2072_3622</setSpec><setSpec>col_2072_479130</setSpec></header><metadata><record xmlns="http://www.loc.gov/MARC21/slim" xmlns:dcterms="http://purl.org/dc/terms/" xmlns:xsi="http://www.w3.org/2001/XMLSchema-instance" xmlns:doc="http://www.lyncode.com/xoai" xsi:schemaLocation="http://www.loc.gov/MARC21/slim http://www.loc.gov/standards/marcxml/schema/MARC21slim.xsd">
   <leader>00925njm 22002777a 4500</leader>
   <datafield ind2=" " ind1=" " tag="042">
      <subfield code="a">dc</subfield>
   </datafield>
   <datafield ind2=" " ind1=" " tag="720">
      <subfield code="a">Prieto, Cristina</subfield>
      <subfield code="e">author</subfield>
   </datafield>
   <datafield ind2=" " ind1=" " tag="720">
      <subfield code="a">López-Román, Antón</subfield>
      <subfield code="e">author</subfield>
   </datafield>
   <datafield ind2=" " ind1=" " tag="720">
      <subfield code="a">García-Rivero, Guillermo</subfield>
      <subfield code="e">author</subfield>
   </datafield>
   <datafield ind2=" " ind1=" " tag="720">
      <subfield code="a">Bartolí, Esther</subfield>
      <subfield code="e">author</subfield>
   </datafield>
   <datafield ind2=" " ind1=" " tag="720">
      <subfield code="a">Cabeza, Luisa F.</subfield>
      <subfield code="e">author</subfield>
   </datafield>
   <datafield ind2=" " ind1=" " tag="260">
      <subfield code="c">2023</subfield>
   </datafield>
   <datafield ind2=" " ind1=" " tag="520">
      <subfield code="a">Solar concentration technology is fully dispatchable due to the use of thermal energy storage systems, in particular, commercial parabolic trough power plants use indirect storage systems based on molten salts. This system includes a heat exchanger to transfer energy between the thermal oil from the solar field and the salts used in storage. In addition, some content of water is considered by cross-contamination in the steam generator of the power block. This study analyses the compatibility between both fluids in the event of cross-contamination in the equipment. The degree of compatibility between a triphasic system made up of a mixture of sodium nitrate and potassium nitrate salts (60:40), heat transfer fluid (DP:DPO), and water, when they were subjected to 390 ºC for a period of 312 h (two weeks). The study shows how thermal oil undergoes complete thermal-oxidative degradation without high impact on the composition of the salts.</subfield>
   </datafield>
   <datafield ind2=" " ind1=" " tag="520">
      <subfield code="a">This work was partially funded by the Ministerio de Ciencia e Innovación de España (ITC-20111061-FEDER- Innterconecta- Composol) (PID2021-123511OB-C31 - MCIU/AEI/FEDER, UE), by the Ministerio de Ciencia e Innovación (TED2021-132216A-100), and by the Ministerio de Ciencia, Innovación y Universidades de España - Agencia Estatal de Investigación (AEI) (PID2021-123511OB-C31 - MCIN/AEI/10.13039/501100011033/FEDER, UE). The authors at University of Lleida would like to thank the Catalan Government for the quality accreditation given to her research group (2021 SGR 01615). GREiA is certified agent TECNIO in the category of technology developers from the Government of Catalonia. This work is partially supported by ICREA under the ICREA Academia</subfield>
   </datafield>
   <datafield tag="653" ind2=" " ind1=" ">
      <subfield code="a">Heat transfer fluids</subfield>
   </datafield>
   <datafield tag="653" ind2=" " ind1=" ">
      <subfield code="a">Molten salts</subfield>
   </datafield>
   <datafield tag="653" ind2=" " ind1=" ">
      <subfield code="a">Degradation</subfield>
   </datafield>
   <datafield tag="653" ind2=" " ind1=" ">
      <subfield code="a">Thermal energy storage</subfield>
   </datafield>
   <datafield tag="653" ind2=" " ind1=" ">
      <subfield code="a">Concentrated solar plant</subfield>
   </datafield>
   <datafield ind2="0" ind1="0" tag="245">
      <subfield code="a">Evaluation of cross-contamination in indirect thermal storage system in concentrated solar plants</subfield>
   </datafield>
</record></metadata></record></GetRecord></OAI-PMH>